[Event "TCh-RUS"]
[Site "Sochi RUS"]
[Date "2007.05.03"]
[Round "2"]
[White "Ivanchuk,V"]
[Black "Asrian,K"]
[Result "1/2-1/2"]
[WhiteElo "2729"]
[BlackElo "2635"]

1.d4 Nf6 2.c4 e6 3.Nc3 Bb4 4.Nf3 c5 5.g3 cxd4 6.Nxd4 Ne4 7.Qd3 Bxc3+ 8.bxc3 Nc5
9.Qf3 d6 10.Bg2 e5 11.Nf5 Qf6 12.Ne3 Qxf3 13.exf3 Nba6 14.Ba3 Be6 15.O-O-O O-O-O
16.f4 exf4 17.gxf4 f5 18.h4 Rhe8 19.h5 Kc7 20.Rhg1 Bf7 21.Nxf5 Bxc4 22.Bf3 Rd7
23.Nxg7 Rf8 24.f5 Bxa2 25.h6 Re7 26.Kd2 Ne4+ 27.Kc2 Nac5 28.Rde1 Kd7 29.Re3 Bb3+
30.Kb2 Nd2 31.Bxc5 Rxe3 32.Bxe3 Nxf3 33.Rg3 Bd5 34.c4 Bc6 35.Bxa7 Ne5 36.Kb3 b5
37.cxb5 Bxb5 38.Bd4 Nc6 39.Be3 Ne7 40.Ne6 Rxf5 41.Nd4 Rd5 42.Kc3 Rc5+ 43.Kd2 Ng6
44.f4 Ke8 45.f5 Ne7 46.f6 Nd5 47.Bg5 Bd7 48.Bh4 Rc4 49.Rg8+ Kf7 50.Rg7+ Ke8
51.Kd3 Rc1 52.Ke4 Nc3+ 53.Kf3 Rf1+ 54.Kg2 Rf4 55.Re7+ Kf8 56.Bf2 Ne4 57.Bg3 Nxf6
58.Rxd7 Rxd4 59.Rxd6 Rxd6 60.Bxd6+ Kf7 61.Bf4 Kg6 62.Kf3 Ng8 63.Kg4  1/2-1/2

[Event "12th Cvitanovic Mem A"]
[Site "Split CRO"]
[Date "2007.05.03"]
[Round "6"]
[White "Horvath,P1"]
[Black "Romanishin,O"]
[Result "1/2-1/2"]
[WhiteElo "2465"]
[BlackElo "2542"]

1.d4 Nf6 2.c4 e6 3.Nc3 Bb4 4.Nf3 c5 5.g3 O-O 6.Bg2 cxd4 7.Nxd4 d5 8.cxd5 Nxd5
9.Qb3 Nc6 10.Nxc6 bxc6 11.O-O a5 12.Rd1 Qe7 13.Na4 Ba6 14.Qc2 Bb5 15.e4 Nf6
16.Bg5 Bxa4 17.Qxa4 h6 18.Bxf6 Qxf6 19.Qc2  1/2-1/2

[Event "TCh-RUS"]
[Site "Sochi RUS"]
[Date "2007.05.06"]
[Round "5"]
[White "Landa,K"]
[Black "Yakovich,Yur"]
[Result "1/2-1/2"]
[WhiteElo "2608"]
[BlackElo "2600"]

1.d4 Nf6 2.c4 e6 3.Nc3 Bb4 4.Nf3 c5 5.g3 Nc6 6.Bg2 Ne4 7.Bd2 Bxc3 8.bxc3 O-O
9.O-O Na5 10.Bf4 d5 11.cxd5 Nxc3 12.Qc2 cxd4 13.dxe6 Bxe6 14.Ng5  1/2-1/2

[Event "2nd President's Cup"]
[Site "Baku AZE"]
[Date "2007.05.08"]
[Round "6"]
[White "Abbasov,F"]
[Black "Malakhatko,V"]
[Result "1/2-1/2"]
[WhiteElo "2509"]
[BlackElo "2598"]

1.d4 Nf6 2.c4 e6 3.Nc3 Bb4 4.Nf3 b6 5.g3 Ba6 6.Qb3 c5 7.a3 Bxc3+ 8.Qxc3 cxd4
9.Nxd4 Bb7 10.f3 d5 11.cxd5 Qxd5 12.Bg2 O-O 13.e4 Qd7 14.Be3 Rc8 15.Qd2 Nc6
16.Nxc6 Bxc6 17.O-O Qxd2 18.Bxd2 Nd7 19.Rac1 Nc5 20.Be3 Nd3 21.Rb1 Rd8 22.Rfd1 Rd7
23.Bf1 Rad8 24.Rxd3  1/2-1/2

[Event "TCh-RUS"]
[Site "Sochi RUS"]
[Date "2007.05.08"]
[Round "7"]
[White "Jakovenko,D"]
[Black "Tiviakov,S"]
[Result "1-0"]
[WhiteElo "2708"]
[BlackElo "2663"]

1.d4 Nf6 2.c4 e6 3.Nc3 Bb4 4.Nf3 b6 5.Qc2 Bb7 6.a3 Bxc3+ 7.Qxc3 d6 8.e3 Nbd7
9.Be2 O-O 10.O-O c5 11.b4 Rc8 12.Bb2 Ne4 13.Qb3 Qc7 14.Rfd1 Rfe8 15.Rac1 a5
16.Nd2 Nxd2 17.Rxd2 axb4 18.axb4 Nb8 19.dxc5 dxc5 20.Qc3 f6 21.b5 Rcd8 22.Rcd1 Be4
23.Bg4 Kf7 24.f3 Bg6 25.e4 Ke7 26.e5 f5 27.Bh3 Rxd2 28.Rxd2 Rd8 29.Rd6 Bf7
30.Qe1 g5 31.g3 h6 32.Qa1 Ke8 33.Bg2 Bg8 34.Qd1 Ke7 35.Qa1 Ke8 36.h4 Kf7
37.hxg5 hxg5 38.Qc1 Kg6 39.Qd2 Rxd6 40.exd6 Qd8 41.Qc3 Qf8 42.f4 gxf4 43.gxf4 Nd7
44.Bc6 Nf6 45.d7  1-0

[Event "16th TCh-CRO"]
[Site "Sibenik CRO"]
[Date "2007.05.18"]
[Round "2"]
[White "Bukal,V jr"]
[Black "Plenca,J"]
[Result "1-0"]
[WhiteElo "2438"]
[BlackElo "2211"]

1.d4 e6 2.c4 Nf6 3.Nc3 Bb4 4.Nf3 O-O 5.Bg5 d5 6.Rc1 h6 7.Bxf6 Qxf6 8.a3 Bxc3+
9.Rxc3 Rd8 10.cxd5 exd5 11.e3 Bg4 12.Rxc7 Qb6 13.Rc2 Nc6 14.Be2 a5 15.O-O a4
16.Qd3 Ne7 17.Qb5 Qg6 18.Rfc1 Bxf3 19.Bxf3 Kh7 20.g3 Nc6 21.Rc5 Qf5 22.Kg2 Ne7
23.Qxb7 Qf6 24.Qb5 Rab8 25.Qxa4 Rxb2 26.R5c2 Rb6 27.Rc7 Nf5 28.R1c6 Rd6 29.Rxd6 Qxd6
30.Qc2 Qg6 31.Bxd5 Rb1 32.Bxf7  1-0

[Event "Capo d'Orso"]
[Site "Porto Mannu PAL"]
[Date "2007.05.19"]
[Round "1"]
[White "Schuurman,P"]
[Black "Orlov,And"]
[Result "1/2-1/2"]
[WhiteElo "2295"]
[BlackElo "2447"]

1.d4 Nf6 2.c4 e6 3.Nc3 Bb4 4.Nf3 O-O 5.Bg5 h6 6.Bh4 c5 7.e3 cxd4 8.exd4 Nc6
9.Bd3 d5 10.O-O dxc4 11.Bxc4 g5 12.Bg3 g4 13.Ne5 Qxd4 14.Qe2 Bxc3 15.bxc3 Qe4
16.Nxc6 bxc6 17.Be5 Qxe2 18.Bxe2 Nd7 19.Bd6 Rd8 20.Bc7 Re8 21.Bxg4 Nb6 22.Bf3 Nd5
23.Be5 Ba6 24.Rfd1 Rf8 25.c4 Nb6 26.Bxc6 Rac8 27.Bb5 Bxb5 28.cxb5 Rc4 29.g3 Rfc8
30.Bd4 Rb4 31.a4 Nxa4 32.Bxa7 Nc3 33.Rd7 Rxb5 34.Be3 h5 35.Raa7 Rf5 36.Rac7  1/2-1/2

[Event "16th TCh-CRO"]
[Site "Sibenik CRO"]
[Date "2007.05.19"]
[Round "3"]
[White "Bukal,V jr"]
[Black "Cebalo,M"]
[Result "0-1"]
[WhiteElo "2438"]
[BlackElo "2491"]

1.d4 Nf6 2.c4 e6 3.Nc3 Bb4 4.Nf3 b6 5.Bg5 h6 6.Bh4 Bb7 7.Nd2 Bxc3 8.bxc3 d6
9.f3 Nbd7 10.e4 e5 11.Bd3 c5 12.d5 Qe7 13.Nf1 g5 14.Bf2 Nh5 15.Ne3 Ng7 16.Qa4 Kd8
17.h4 Kc7 18.Kd2 h5 19.hxg5 Qxg5 20.Rh4 Nf8 21.Rah1 Ng6 22.R4h2 Rhg8 23.Qb5 Rab8
24.Rb1 f6 25.a4 Ne7 26.a5 Bc8 27.Ra1 Rb7 28.axb6+ axb6 29.Rhh1 Bd7 30.Qb2 Ng6
31.Rhb1 Rgb8 32.Ra6 f5 33.Rg1 Nf4 34.Bc2 fxe4 35.Bxe4 Ne8 36.Qb1 b5 37.Qa1 bxc4
38.Qa5+ Kc8 39.Rh1 Rb2+ 40.Bc2 Qg6 41.Nf5 Rxc2+  0-1

[Event "ch-UZB"]
[Site "Tashkent UZB"]
[Date "2007.05.20"]
[Round "10"]
[White "Barsov,A"]
[Black "Karimov,I"]
[Result "0-1"]
[WhiteElo "2521"]
[BlackElo "2317"]

1.d4 Nf6 2.c4 e6 3.Nc3 Bb4 4.Nf3 Ne4 5.Qc2 Nxc3 6.bxc3 Be7 7.e4 d6 8.Bd3 Nd7
9.Bf4 h6 10.Rd1 b6 11.h4 Bb7 12.h5 Bg5 13.Bg3 Qe7 14.Kf1 e5 15.Qa4 Bf6 16.c5 bxc5
17.Rb1 Rb8 18.dxe5 dxe5 19.Nh4 O-O 20.Nf5 Qe6 21.Re1 Rfd8 22.Be2 Nb6 23.Qc2 Nc4
24.Bg4 Qc6 25.Kg1 Rd2 26.Qb3 Rb2 27.Qd1 Rd8 28.Qf3 Nd2 29.Qe3 Nxe4 30.Be2 Qe6
31.Bg4 Qd5 32.Qf3  0-1

[Event "1st WCh-Team Women"]
[Site "Ekaterinburg RUS"]
[Date "2007.05.21"]
[Round "2"]
[White "Hoang Thi Bao Tram"]
[Black "Andriasian,S"]
[Result "1-0"]
[WhiteElo "2317"]
[BlackElo "2252"]

1.d4 Nf6 2.c4 e6 3.Nc3 Bb4 4.Nf3 O-O 5.e3 d5 6.Bd3 c5 7.O-O Nc6 8.a3 Bxc3
9.bxc3 dxc4 10.Bxc4 Qc7 11.Bb2 b6 12.Qe2 Bb7 13.Ba2 Rad8 14.Rfd1 Ne4 15.Rac1 Ne7
16.Bb1 c4 17.Ne5 b5 18.f3 Nd6 19.Qc2 g6 20.e4 h5 21.Qf2 f6 22.Qg3 fxe5 23.Qxe5 Qd7
24.a4 Nf7 25.Qg3 e5 26.Ba3 Kg7 27.axb5 Rfe8 28.Bc2 Qxb5 29.Rb1 Qa6 30.Bc5 Nc8
31.Ra1 Qe6 32.Rdb1 Ba8 33.Rb4 Kh7 34.Ba4 Rg8 35.Bb5 Ncd6 36.Ra6 Qc8 37.Rxa7 Rg7
38.Bxd6 Rxd6 39.Bxc4 Rf6 40.Qh4 g5 41.Qxh5+ Rh6 42.Qg4 Qe8 43.Qf5+ Kg8 44.Rxf7  1-0

[Event "50th TCh-SRB Cup"]
[Site "Mataruska Banja SRB"]
[Date "2007.05.21"]
[Round "1"]
[White "Bogic,S"]
[Black "Bogosavljevic,B"]
[Result "0-1"]
[WhiteElo "2270"]
[BlackElo "2470"]

1.d4 Nf6 2.c4 e6 3.Nc3 Bb4 4.Nf3 c5 5.g3 cxd4 6.Nxd4 Qc7 7.Qb3 Bc5 8.e3 Nc6
9.Ndb5 Qe5 10.Bg2 a6 11.Qa4 O-O 12.O-O d6 13.Na3 Bd7 14.Qc2 Rac8 15.Bd2 Bxa3
16.bxa3 Na5 17.Ne2 Nxc4 18.Bc3 Nxe3 19.fxe3 Qxe3+ 20.Kh1 Bb5 21.Rac1 Qxe2
22.Qxe2 Bxe2 23.Rfe1 Bb5 24.Bb4 Bc6 25.Bxc6 Rxc6 26.Rxc6 bxc6 27.Bxd6 Rd8
28.Bb4 Nd5 29.Rc1 h5 30.Ba5 Rc8 31.Rc5 e5 32.Kg2 Kf8 33.Bb4 Ke8 34.Ra5 Ra8
35.Bd6 f6 36.Kf3 Kd7 37.Bc5 g5 38.h3 f5 39.g4 hxg4+ 40.hxg4 e4+ 41.Kf2 f4
42.Ra4 e3+ 43.Kf3 Rh8  0-1

[Event "ch-St Petersburg"]
[Site "St Petersburg RUS"]
[Date "2007.05.31"]
[Round "3"]
[White "Yevseev,D"]
[Black "Loginov,Va"]
[Result "1/2-1/2"]
[WhiteElo "2525"]
[BlackElo "2496"]

1.d4 Nf6 2.c4 e6 3.Nc3 Bb4 4.Nf3 b6 5.Bg5 h6 6.Bh4 Bb7 7.Nd2 Qe7 8.f3 Bxc3
9.bxc3 d6 10.e4 Nbd7 11.Qa4 O-O 12.Be2 e5 13.O-O g5 14.Bf2 Nh5 15.Rfe1 Nf4
16.Bf1 c5 17.d5 Nf6 18.g3 N4h5 19.Bd3 Bc8 20.Nf1 Kh8 21.Ne3 Rg8 22.Nf5 Bxf5
23.exf5 Rab8 24.Qc2 Qd7 25.Kh1 g4 26.Qd2 Rg7 27.fxg4 Nxg4 28.Bg1 Rbg8 29.Rf1 Ngf6  1/2-1/2

[Event "ch-St Petersburg"]
[Site "St Petersburg RUS"]
[Date "2007.06.01"]
[Round "4"]
[White "Zacurdajev,M"]
[Black "Makarov,M"]
[Result "0-1"]
[WhiteElo "2384"]
[BlackElo "2515"]

1.d4 Nf6 2.c4 e6 3.Nc3 Bb4 4.Nf3 O-O 5.Bg5 h6 6.Bh4 c5 7.d5 d6 8.Nd2 Nbd7
9.e4 Ne5 10.f4 Ng6 11.Bg3 exd5 12.cxd5 Re8 13.Bb5 Bd7 14.Bxd7 Qxd7 15.O-O Bxc3
16.bxc3 Nxe4 17.Nxe4 Rxe4 18.f5 Ne5 19.f6 Qg4 20.Qb1 b6 21.fxg7 Kxg7 22.Bxe5+ dxe5
23.Rf3 Qg6 24.Qb2 Rd8 25.Rg3 Rg4 26.Qe2 Rg5 27.c4 f6 28.Rf3 e4 29.Rf4 f5
30.Raf1 Rf8 31.Kh1 Rf7 32.h3 Rg3 33.Kh2 Kh7 34.Rg4 Rxg4 35.hxg4 f4 36.d6 f3
37.gxf3 Qxd6+ 38.Kg2 exf3+ 39.Rxf3 Qc6 40.Qd3+ Kg7  0-1

[Event "TCh-BIH"]
[Site "Vogosca BIH"]
[Date "2007.06.02"]
[Round "1"]
[White "Sedlak,N"]
[Black "Almasi,Z"]
[Result "1/2-1/2"]
[WhiteElo "2575"]
[BlackElo "2675"]

1.d4 Nf6 2.c4 e6 3.Nc3 Bb4 4.Nf3 c5 5.g3 Ne4 6.Qd3 Qa5 7.Qxe4 Bxc3+ 8.Bd2 Bxd2+
9.Nxd2 Nc6 10.d5 Nd4 11.Bg2 O-O 12.Qd3 exd5 13.O-O dxc4 14.Nxc4 Qa6 15.e3 d5
16.Ne5 Qxd3 17.Nxd3 Ne6 18.Rac1 d4 19.Nxc5 dxe3  1/2-1/2

[Event "ch-St Petersburg"]
[Site "St Petersburg RUS"]
[Date "2007.06.04"]
[Round "7"]
[White "Zacurdajev,M"]
[Black "Biriukov,O"]
[Result "1/2-1/2"]
[WhiteElo "2384"]
[BlackElo "2379"]

1.d4 Nf6 2.c4 e6 3.Nc3 Bb4 4.Nf3 c5 5.g3 cxd4 6.Nxd4 O-O 7.Bg2 d5 8.cxd5 Nxd5
9.Qb3 Na6 10.O-O Nxc3 11.bxc3 Bc5 12.Rd1 Qe7 13.Qc2 Rb8 14.Nf3 f6 15.Nd4 Kh8
16.Rb1 Rd8 17.Be3 Bb6 18.Qe4 Nc5 19.Qh4 e5 20.Nb3 Bf5 21.Rxd8+ Rxd8 22.Re1 Qd6
23.Qb4 Nxb3 24.Bxb6 Qxb4 25.cxb4 axb6 26.axb3 Bc2 27.Rc1 Bxb3 28.Bxb7 Kg8
29.Rc8 Rxc8 30.Bxc8 Kf7 31.Kf1 Ke7 32.Ke1 Kd6 33.Kd2 Bc4  1/2-1/2

[Event "ch-St Petersburg"]
[Site "St Petersburg RUS"]
[Date "2007.06.06"]
[Round "9"]
[White "Zacurdajev,M"]
[Black "Anisimov,P"]
[Result "1/2-1/2"]
[WhiteElo "2384"]
[BlackElo "2497"]

1.d4 Nf6 2.c4 e6 3.Nc3 Bb4 4.Nf3 c5 5.Bg5 h6 6.Bh4 Qa5 7.Bxf6 Bxc3+ 8.bxc3 Qxc3+
9.Nd2 gxf6 10.dxc5 Na6 11.g3 Nxc5 12.Bg2 f5 13.O-O d6 14.Rc1 Qf6 15.Nb3 Qe5
16.Nd4 Ke7 17.Rc3 Rd8 18.Re3 Qf6 19.Nb5 Rd7 20.Qd2 a6 21.Qa5 Ne4 22.Bxe4 fxe4
23.Nc7 Rb8 24.Rxe4 Qg7 25.Qb6 Qg6 26.Re3 Kf8 27.c5 Qc2 28.cxd6 Qc6 29.Qa7 Qxd6
30.Qxb8 Qxc7 31.Qa7 b6 32.Qxc7 Rxc7 33.Rb3 b5 34.Rfb1 Bd7 35.Ra3 Rc6 36.f3 Ke7
37.Kf2 e5 38.Rb2 Be6 39.Ra5 Bc4 40.a4 Rd6 41.axb5 axb5 42.Ke3 Kf6 43.Ra7 Rb6
44.Rc7 Ra6 45.f4 exf4+ 46.Kxf4 Ra4 47.Rc6+ Kg7 48.Ke5 Ra8 49.e4 Re8+ 50.Kf4 Rd8
51.e5 Rd4+ 52.Ke3 Rd3+ 53.Ke4 Rd1 54.Rc5 Re1+ 55.Kd4 Rd1+ 56.Kc3 Rd3+ 57.Kb4 Re3
58.Rf2 Rb3+ 59.Ka5 Ra3+ 60.Kb6 Re3 61.Rf4 Kh7 62.Rh4 Kg7 63.Kc7 Rd3 64.Rc6 Be6
65.Rb6 Rd5 66.Re4 Rd2 67.Rh4 Rd5 68.Re4 Rd2 69.Rxb5 Rxh2 70.Re3 Rc2+ 71.Kd6 Rd2+
72.Kc5 Rd5+ 73.Kb4 Rd4+ 74.Kc3 Rc4+ 75.Kd3 Rg4 76.Rb2 Bf5+ 77.Kc3 Be6 78.Rb4 Rg5
79.Rf4 Rg6 80.Kd4 Rg5 81.Ke4 Rg6 82.Rh4 Rg5 83.Rf3 Rg6 84.Kf4 Bd5 85.Rd3 Be6
86.Ra3 Kh7 87.g4 Kg7 88.Rg3 Rg5 89.Rh5 Kg6 90.Rxg5+ hxg5+ 91.Kf3 f6 92.exf6 Kxf6
93.Rg1 Bd5+ 94.Kg3 Be6 95.Rb1 Ke5 96.Rb4 Kf6 97.Kf3 Bd7 98.Rb6+ Be6 99.Rb4 Ke5
100.Ke3 Bd7 101.Re4+ Kf6 102.Kd3 Bc6 103.Rd4 Ke5 104.Kc4 Be4 105.Kc5 Bf3
106.Rb4 Be4 107.Ra4 Bf3 108.Kb6 Bd1 109.Rb4 Bf3 110.Kc7 Bxg4 111.Rxg4 Kf5
112.Ra4 g4 113.Kd6 g3 114.Kd5 g2  1/2-1/2

[Event "11th Master Open"]
[Site "Voronezh RUS"]
[Date "2007.06.15"]
[Round "4"]
[White "Rakhmanov,A"]
[Black "Provotorov,I"]
[Result "1-0"]
[WhiteElo "2497"]
[BlackElo "2382"]

1.d4 Nf6 2.c4 e6 3.Nc3 Bb4 4.Nf3 d5 5.cxd5 exd5 6.Bg5 h6 7.Bxf6 Qxf6 8.Qb3 Bxc3+
9.bxc3 c6 10.e3 O-O 11.a4 Nd7 12.Rc1 Qd6 13.c4 dxc4 14.Bxc4 Nb6 15.O-O Nxc4
16.Qxc4 Be6 17.Qc5 Rfd8 18.Qxd6 Rxd6 19.Ne5 f6 20.Nd3 Kf7 21.Rc3 Rb8 22.f3 Ke7
23.Kf2 Kd8 24.a5 Kc7 25.Rfc1 Re8 26.Nb4 Bd7 27.Ra1 g5 28.Nd3 Rd5 29.Nc5 f5
30.Rb3 Bc8 31.Rb4 Re7 32.Rab1 f4 33.e4 Rd6 34.Nxb7 Rg6 35.e5 g4 36.fxg4 Rxg4
37.Nd6 Ba6 38.Rb8 Kd7 39.Ne4 Kc7 40.Nc5 Bb5 41.Rb7+ Kd8 42.Rxe7 Kxe7 43.d5  1-0

[Event "11th Master Open"]
[Site "Voronezh RUS"]
[Date "2007.06.15"]
[Round "4"]
[White "Sergienko,S"]
[Black "Slugin,S"]
[Result "1-0"]
[WhiteElo "2480"]
[BlackElo "2383"]

1.d4 Nf6 2.c4 e6 3.Nc3 Bb4 4.Nf3 b6 5.Bg5 Bb7 6.Nd2 h6 7.Bh4 Bxc3 8.bxc3 d6
9.f3 Nbd7 10.e4 e5 11.Bd3 Nf8 12.Bf2 Ne6 13.g3 Nd7 14.Nb3 Qf6 15.h4 g5 16.Qe2 Ndf8
17.hxg5 Nxg5 18.Nd2 Nge6 19.d5 Nc5 20.O-O-O O-O-O 21.Bc2 Kb8 22.Rh5 Nfd7
23.Rdh1 Rdg8 24.Nf1 Bc8 25.Be3 Nf8 26.Rxh6 Ng6 27.Nd2 Nd7 28.R1h5 Qg7 29.Rxh8 Rxh8
30.Qh2 Nf6 31.Rxh8 Qxh8 32.Qg1 Qh3 33.a4 Nd7 34.a5 Nc5 35.Kb2 Qd7 36.Qa1 Qh3
37.Qg1 Qd7 38.Nb1 Ba6 39.Bxc5 dxc5 40.Nd2 Ne7 41.axb6 cxb6 42.Qh2 Nc8 43.Qh8 Qe7
44.f4 f6 45.Bd3 Kc7 46.Nf3 exf4 47.gxf4 Qf7 48.e5 fxe5 49.Ng5 Qd7 50.Ne6+ Kb8
51.fxe5 Qf7 52.Qh2 Qf3 53.Nf4 Qe3 54.d6 Qxe5 55.d7 Qd6 56.Bf5 Ne7 57.Qh8+ Kc7
58.d8=Q+  1-0

[Event "XXV Balaton Open A"]
[Site "Balatonlelle HUN"]
[Date "2007.06.17"]
[Round "2"]
[White "Horvath,P1"]
[Black "Nagy,Ervin1"]
[Result "1/2-1/2"]
[WhiteElo "2465"]
[BlackElo "2302"]

1.d4 Nf6 2.c4 e6 3.Nc3 Bb4 4.Nf3 c5 5.g3 Ne4 6.Qd3 f5 7.Bg2 Qa5 8.Bd2 Nxd2
9.Qxd2 cxd4 10.Nxd4 O-O 11.O-O Bxc3 12.bxc3 Qc5 13.Nb5 Qxc4 14.Nd6 Qc7 15.Rfd1 Na6
16.Rab1 Nc5 17.Nb5 Qb8 18.Qd4 b6 19.Bxa8 Qxa8 20.Nd6 Qc6 21.Rd2 Ba6 22.f3 Na4
23.c4 Rb8 24.Kg2 Nc5 25.h4 Qc7 26.Re1 Rf8 27.h5 h6 28.Qh4 Qd8 29.Qxd8 Rxd8
30.Kf2 Bb7 31.Rg1 Bc6 32.g4 fxg4 33.Rxg4 Rf8 34.Rd1 e5 35.Ke3 Ne6 36.Rdg1 Kh8
37.Rg6 Kh7 38.R6g4 Kh8 39.a3 Kh7 40.Rg6 Kh8 41.R1g3 Kh7 42.Rg1 Kh8 43.Rxe6 dxe6
44.Rg6 Rf6 45.Rxf6 gxf6 46.Nc8 a6 47.Nxb6 Kg7 48.c5 Kf8 49.Nc4 Be8 50.Nd6 Ba4
51.Kd2 Ke7 52.Kc3 Bd1 53.Kd3 Ba4 54.Kc3 Bd1 55.Kd2 Ba4 56.Nc8+ Kd8 57.Nd6 Ke7  1/2-1/2

[Event "III EUICC"]
[Site "Arvier ITA"]
[Date "2007.06.18"]
[Round "4"]
[White "Sedlak,N"]
[Black "Brunello,S"]
[Result "1/2-1/2"]
[WhiteElo "2575"]
[BlackElo "2454"]

1.d4 Nf6 2.c4 e6 3.Nc3 Bb4 4.Nf3 b6 5.Bg5 h6 6.Bh4 Bxc3+ 7.bxc3 Bb7 8.Nd2 d6
9.f3 Nbd7 10.e4 e5 11.Bd3 Nf8 12.O-O Ng6 13.Bf2 O-O 14.Re1 Nd7 15.Nf1 Nf4
16.Ne3 Qg5 17.Kh1 f5 18.exf5 Nxd3 19.Qxd3 Rae8 20.Qc2 e4 21.f4 Qxf4 22.Bg3 Qg5
23.Qa4 Qd8 24.c5 dxc5 25.Rad1 Qc8 26.Qxa7 cxd4 27.cxd4 c5 28.Nc4 Qa8 29.Qxa8 Rxa8
30.Nd6 Ra7 31.d5 Ba8 32.Nxe4 Rxf5 33.Nd6 Rf8 34.Re7 Bxd5 35.h3 Bc6 36.Be5 Bxg2+
37.Kxg2 Rxa2+ 38.Kg3 Ra3+ 39.Kg4 Ra4+ 40.Kg3 Ra3+ 41.Kg2 Ra2+ 42.Kg3  1/2-1/2

[Event "11th Master Open"]
[Site "Voronezh RUS"]
[Date "2007.06.18"]
[Round "6"]
[White "Sergienko,S"]
[Black "Demianjuk,A"]
[Result "1-0"]
[WhiteElo "2480"]
[BlackElo "2316"]

1.d4 Nf6 2.c4 e6 3.Nc3 Bb4 4.Nf3 d5 5.Bg5 Nbd7 6.cxd5 exd5 7.e3 c5 8.Bb5 Qa5
9.O-O Bxc3 10.Bxd7+ Nxd7 11.bxc3 O-O 12.Qc2 Re8 13.Rab1 b6 14.Rfd1 Bb7 15.Qf5 Nf8
16.Ne5 f6 17.Bxf6 gxf6 18.Qg4+ Ng6 19.Nxg6 hxg6 20.Qxg6+ Kf8 21.Qxf6+ Kg8
22.dxc5 Re4 23.c6  1-0

[Event "XXV Balaton Open A"]
[Site "Balatonlelle HUN"]
[Date "2007.06.20"]
[Round "5"]
[White "Werner,Di"]
[Black "Seres,L"]
[Result "1/2-1/2"]
[WhiteElo "2358"]
[BlackElo "2444"]

1.d4 Nf6 2.c4 e6 3.Nc3 Bb4 4.Nf3 c5 5.dxc5 Ne4 6.Qd4 Qf6 7.a3 Bxc3+ 8.bxc3 Na6
9.Nd2 Nexc5 10.g3 e5 11.Qe3 O-O 12.Bg2 d6 13.O-O Be6 14.f4 exf4 15.Rxf4 Qe7
16.Rb1 Rac8 17.Nf3 Qd7 18.Nd4 b6 19.Bd5  1/2-1/2

[Event "III EUICC"]
[Site "Arvier ITA"]
[Date "2007.06.23"]
[Round "9"]
[White "Cebalo,M"]
[Black "Sulskis,S"]
[Result "1-0"]
[WhiteElo "2491"]
[BlackElo "2528"]

1.d4 Nf6 2.c4 e6 3.Nc3 Bb4 4.Nf3 b6 5.Bg5 h6 6.Bh4 Bxc3+ 7.bxc3 d6 8.Nd2 g5
9.Bg3 Nh5 10.e4 Nxg3 11.fxg3 Nd7 12.Bd3 Bb7 13.O-O Qe7 14.Qa4 c5 15.Rf2 f6
16.g4 Kd8 17.Nf1 h5 18.Ne3 hxg4 19.Nxg4 Kc7 20.Raf1 Raf8 21.Qd1 e5 22.d5 Bc8
23.Bc2 Rh4 24.g3 Rh7 25.Ba4 Rhf7 26.Nh6 Rh7 27.Nf5 Qd8 28.Bc6 Nb8 29.Qa4 Bxf5
30.Rxf5 Kc8 31.Bb5 Qe7 32.R1f2 Rh6 33.Qd1 Kd8 34.Qg4 Kc7 35.R5f3 Kb7 36.Qe6 Qd8
37.a3 Na6 38.Bc6+ Kc7 39.Qg4 Rh7 40.Qxg5 fxg5 41.Rxf8  1-0

[Event "XXV Balaton Open A"]
[Site "Balatonlelle HUN"]
[Date "2007.06.23"]
[Round "8"]
[White "Czebe,A"]
[Black "Gonda,L"]
[Result "0-1"]
[WhiteElo "2500"]
[BlackElo "2501"]

1.d4 Nf6 2.c4 e6 3.Nc3 Bb4 4.Nf3 c5 5.d5 Bxc3+ 6.bxc3 d6 7.Qd3 e5 8.e4 Nbd7
9.Be2 Nf8 10.h4 Bg4 11.Ng1 h5 12.Rb1 Qc7 13.f3 Bd7 14.Nh3 Ng6 15.g3 Nh7 16.Nf2 O-O-O
17.f4 exf4 18.gxf4 Nf6 19.Rg1 Rde8 20.Kf1 Bg4 21.Nxg4 hxg4 22.Qg3 Rxh4 23.f5 Rh3
24.fxg6 Rxg3 25.Rxg3 fxg6 26.Kg2 Rxe4 27.Bd3 Qe7 28.Bg5 Re2+ 29.Kf1 Qe5 30.Bh4 Rh2  0-1

[Event "Asian Youth BU16"]
[Site "Tashkent UZB"]
[Date "2007.06.30"]
[Round "3"]
[White "Ashwath,R"]
[Black "Adhiban,B"]
[Result "1/2-1/2"]
[WhiteElo "2263"]
[BlackElo "2368"]

1.d4 Nf6 2.c4 e6 3.Nc3 Bb4 4.Nf3 c5 5.g3 cxd4 6.Nxd4 O-O 7.Bg2 d5 8.cxd5 Nxd5
9.Qb3 Nc6 10.Nxc6 bxc6 11.O-O Qa5 12.Bd2 Bxc3 13.bxc3 Ba6 14.Rfd1 Qc5 15.e4 Nb6
16.Be3 Qh5 17.Bxb6 Rab8 18.Rd6 Rxb6 19.Qd1 Qxd1+ 20.Raxd1 Bc4 21.R6d2 e5
22.f3 g6 23.Bf1 Be6 24.Rd6 Rfb8 25.Rd8+ Rxd8 26.Rxd8+ Kg7 27.a4 Rb3 28.Ra8 Rxc3
29.Kf2 c5 30.Rxa7 c4 31.Rc7 Rc2+ 32.Ke3 Rc3+  1/2-1/2

[Event "Spring A"]
[Site "Volodarskij RUS"]
[Date "2007.06.30"]
[Round "5"]
[White "Makogonov,I"]
[Black "Kravchenja,A"]
[Result "1-0"]
[WhiteElo "2379"]
[BlackElo "2042"]

1.d4 Nf6 2.c4 e6 3.Nc3 Bb4 4.Nf3 c5 5.g3 Nc6 6.Bg2 d5 7.a3 Bxc3+ 8.bxc3 O-O
9.cxd5 Qxd5 10.O-O Qc4 11.dxc5 Qxc3 12.Bf4 Rd8 13.Qc1 Qxc1 14.Rfxc1 Nd5 15.Bd6 b6
16.e4 Nde7 17.e5 bxc5 18.Rxc5 Bd7 19.Rb1 Nf5 20.Bc7 Rdc8 21.Rb7 h5 22.Nd2 Nce7
23.Ra5 Nd5 24.Bxd5 exd5 25.Raxa7 Rxa7 26.Rxa7 d4 27.f4 f6 28.Kf2 Bc6 29.Nc4 fxe5
30.Nxe5 Bb5 31.Ke1 h4 32.gxh4 Nxh4 33.Kd2 Nf5 34.Rb7 Ba6 35.Rb6 Rxc7 36.Rxa6 Rc3
37.a4 Rh3 38.a5 Rxh2+ 39.Kd3 Ra2 40.Ke4 Ng3+ 41.Kxd4 Ne2+ 42.Ke3 Ng3 43.Ra8+ Kh7
44.a6 g6 45.a7 Kg7 46.Nc6 Nf5+ 47.Kd3 Ra3+ 48.Kc4 Nd6+ 49.Kb4 Ra1 50.Rd8  1-0

[Event "Summer GM"]
[Site "Lugansk UKR"]
[Date "2007.07.04"]
[Round "6"]
[White "Soshnikov,M"]
[Black "Kiselev,Vit2"]
[Result "1/2-1/2"]
[WhiteElo "2265"]
[BlackElo "2509"]

1.d4 Nf6 2.c4 e6 3.Nc3 Bb4 4.Nf3 b6 5.Qb3 Bxc3+ 6.Qxc3 Bb7 7.e3 O-O 8.Bd3 d6
9.O-O Nbd7 10.b3 Qe7 11.Bb2 Rfe8 12.Nd2 e5 13.Bf5 e4 14.Bxd7 Qxd7 15.Rae1 d5
16.f4 g6 17.h3 h5 18.Kh2 c6 19.c5 b5 20.g3 a5 21.a4 b4 22.Qc1 Bc8 23.f5 gxf5
24.Rf4 Kg7 25.Ref1 Rg8 26.R1f2 Qe7 27.Qd1 Be6 28.Bc1 Kf8 29.Nf1  1/2-1/2

[Event "Lake Sevan"]
[Site "Martuni ARM"]
[Date "2007.07.06"]
[Round "1"]
[White "Melkumyan,H"]
[Black "Macieja,B"]
[Result "1/2-1/2"]
[WhiteElo "2406"]
[BlackElo "2616"]

1.d4 Nf6 2.c4 e6 3.Nc3 Bb4 4.Nf3 c5 5.g3 Ne4 6.Qd3 Qa5 7.Qxe4 Bxc3+ 8.Bd2 Bxd2+
9.Nxd2 d6 10.Bg2 O-O 11.Qe3 cxd4 12.Qxd4 Nc6 13.Qe3 d5 14.O-O d4 15.Qd3 e5
16.a3 f5 17.b4 Qd8 18.c5 Be6 19.Nc4 Bd5 20.e4 Bxc4 21.Qxc4+ Kh8 22.exf5 Rxf5
23.Rae1 Qc7 24.Qd5 Rd8 25.Qe4 g6 26.Bh3 Rf7 27.Rd1 a6 28.Rfe1 Rdf8 29.Rd2 Rf3
30.a4 Rb3 31.Rb1 Rxb4 32.Rdb2 a5 33.Bg2 Rxb2 34.Rxb2 Nb4 35.h4 Qxc5 36.h5 gxh5
37.Bf1 Rf7 38.Qh4 Re7 39.Qf6+ Kg8 40.Bc4+ Qxc4 41.Qxe7 Qc1+ 42.Kh2 Qxb2 43.Qe8+ Kg7
44.Qe7+ Kg6 45.Qe6+ Kg7  1/2-1/2

[Event "Open A"]
[Site "Klatovy CZE"]
[Date "2007.07.07"]
[Round "8"]
[White "Trmota,Z"]
[Black "Cmiko,J"]
[Result "1/2-1/2"]
[WhiteElo "2159"]
[BlackElo "2100"]

1.d4 Nf6 2.Nf3 e6 3.c4 Bb4+ 4.Nc3 c5 5.e3 O-O 6.Bd3 b6 7.O-O d6 8.Ne4 Nxe4
9.Bxe4 d5 10.cxd5 exd5 11.Bc2 Ba6 12.Bd3 c4 13.Be2 Bb7 14.b3 cxb3 15.Qxb3 Bd6
16.a4 Nd7 17.Ba3 Qe7 18.Bxd6 Qxd6 19.Bb5 Rfc8 20.Rfc1 Rxc1+ 21.Rxc1 Rc8 22.Rxc8+ Bxc8
23.Qc3  1/2-1/2

[Event "Kaupthing Open"]
[Site "Differdange LUX"]
[Date "2007.07.10"]
[Round "5"]
[White "Berg,R"]
[Black "Struk,J"]
[Result "1-0"]
[WhiteElo "2129"]
[BlackElo "2240"]

1.d4 Nf6 2.c4 e6 3.Nc3 Bb4 4.Nf3 O-O 5.a3 Bxc3+ 6.bxc3 b6 7.Bg5 Bb7 8.e3 d6
9.Be2 Nbd7 10.O-O Qe8 11.Nd2 e5 12.Bf3 e4 13.Be2 h6 14.Bh4 Nh7 15.Qc2 g5
16.Bg3 f5 17.f4 Qg6 18.a4 a5 19.Nb3 Nhf6 20.d5 Nh5 21.Bxh5 Qxh5 22.Nd4 Qg6
23.Ne6 Rfc8 24.fxg5 hxg5 25.Qf2 Rf8 26.h4 g4 27.Nxc7 Rac8 28.Ne6 Rf7 29.Bxd6 Rxc4
30.Nd8 Qxd6 31.Nxf7 Kxf7 32.Qxf5+ Ke8 33.h5 Ne5 34.h6 Rc7 35.Qh5+ Kd8 36.h7 Rxh7
37.Qxh7 Bxd5 38.Rad1 Nd3 39.Rxd3 exd3 40.Qxd3  1-0

[Event "ChIP"]
[Site "Paris FRA"]
[Date "2007.07.10"]
[Round "4"]
[White "Fayard,A"]
[Black "David,Alb"]
[Result "1/2-1/2"]
[WhiteElo "2305"]
[BlackElo "2529"]

1.d4 Nf6 2.c4 e6 3.Nc3 Bb4 4.Nf3 c5 5.e3 O-O 6.Bd3 d5 7.O-O dxc4 8.Bxc4 Nbd7
9.a3 Ba5 10.Qe2 a6 11.a4 Nb6 12.Bd3 Nbd5 13.Ne4 h6 14.Rd1 cxd4 15.exd4 Nh5
16.Bb1 Nhf4 17.Bxf4 Nxf4 18.Qc2 f5 19.Nc3 Bd7 20.Ne5 Rc8 21.Ba2 Bc6 22.Nxc6 Rxc6
23.Qd2 Nd5 24.Rac1 Qd7 25.Qe2 Bxc3 26.bxc3 Kh8 27.c4 Nb4 28.Bb3 Rd6 29.c5 Rxd4
30.Qxe6 Qxe6 31.Bxe6 Nc6 32.Kf1 Rxa4 33.Rd7 Rb4 34.Bd5 a5 35.Re1 Rb5 36.Bxc6 bxc6
37.Ree7 Rg8 38.Re5 f4 39.Ke2 Rf8 40.Ree7 Rg8 41.Re5 Rf8 42.Ree7 f3+ 43.gxf3 Rxc5
44.Rxg7 Re8+ 45.Kd3 Rd8 46.Rh7+ Kg8 47.Rg7+  1/2-1/2

[Event "ch-SVK"]
[Site "Banska Stiavnica SVK"]
[Date "2007.07.12"]
[Round "6"]
[White "Vavrak,P"]
[Black "Rigo,Z"]
[Result "1-0"]
[WhiteElo "2428"]
[BlackElo "2410"]

1.d4 Nf6 2.c4 e6 3.Nc3 Bb4 4.Nf3 c5 5.g3 cxd4 6.Nxd4 Ne4 7.Qd3 Bxc3+ 8.bxc3 Nc5
9.Qe3 b6 10.Bg2 Bb7 11.Bxb7 Nxb7 12.Qe4 Nc6 13.Ba3 Rc8 14.Nb5 Nca5 15.Rd1 Rxc4
16.Qe5 f6 17.Qh5+ g6 18.Qh6 Kf7 19.O-O d5 20.Rfe1 Qd7 21.Nd4 e5 22.e4 Rxc3
23.Nf5 gxf5 24.Rxd5 Qxd5 25.exd5 Rxa3 26.Qh5+ Kg7 27.Qxf5 Nc5 28.Qg4+ Kf7
29.Qh5+ Kg7 30.g4 h6 31.f4 Nd3 32.fxe5 Nxe1 33.exf6+ Kxf6 34.Qf5+ Kg7 35.Qd7+ Kf8
36.Qd8+ Kg7 37.Qe7+ Kg6 38.Qxa3 Re8 39.d6 Nc4 40.d7 Re2 41.Qf8  1-0